000 00460nam a2200181Ia 4500
005 20250508160902.0
008 008 250505s9999 xx 000 0 hin d
037 _aTextual
040 _aFEDL
_beng
_cFEDL
041 _ahin
_2eng
084 _a925, SAT
_qFEDL
100 _aSatyaprakash D S C
_9769680
245 0 _aBhartiya vigyan ke karndhar
260 _c1967
300 _a612p.
942 _cTEXL
_h925, SAT
999 _c1367184
_d1367184